Highest-Rated NBA 2K Players (Including NBA 2K23) - Statistics

General Stats
  • This quiz has been taken 1,011 times
  • The average score is 18 of 22
Answer Stats
Years Player % Correct
2020, 2021, 2022, 2023 LeBron James
99%
2020, 2021, 2022, 2023 Giannis Antetokounmpo
96%
2020, 2021, 2022, 2023 Stephen Curry
96%
2020, 2021, 2022, 2023 Nikola Jokic
95%
2020, 2021, 2022, 2023 Kevin Durant
94%
2020, 2021, 2022, 2023 Joel Embiid
90%
2021, 2022, 2023 Luka Dončić
90%
2020, 2021, 2022 James Harden
87%
2020, 2021, 2022, 2023 Anthony Davis
84%
2020, 2021, 2022, 2023 Kawhi Leonard
82%
2021, 2022, 2023 Jayson Tatum
80%
2022, 2023 Devin Booker
77%
2020 Russell Westbrook
76%
2020, 2021, 2022 Kyrie Irving
75%
2020, 2021, 2022 Damian Lillard
74%
2020 Paul George
74%
2022, 2023 Chris Paul
72%
2023 Ja Morant
68%
2021, 2022, 2023 Jimmy Butler
68%
2020 Klay Thompson
68%
2023 Trae Young
62%
2020 Karl-Anthony Towns
57%
No matching quizzes found
Score Distribution
Percent of People with Each Score
Percentile by Number Answered
Your Score History
You have not taken this quiz